Vzdelávanie ako významný európsky faktor v procese globalizácie

Vzdelanie a jeho miesto v procese spoločenských zmien. Vybudovanie pružne reagujúcich vzdelávacích systémov ako predpoklad ďalšieho napredovania. Ciele Európskej únie vo vzdelávacej politike.

Saved in:
Bibliographic Details
Main Author: Goga, Milan
Format: Book Chapter
Language:Slovak
Subjects:
Tags: Add Tag
No Tags, Be the first to tag this record!

MARC

LEADER 00000naa$a2200000$$$4500
001 0053477
005 20231010123947.5
041 0 |a slo 
044 |a SK 
245 1 0 |a Vzdelávanie ako významný európsky faktor v procese globalizácie  |c Milan Goga 
520 |a Vzdelanie a jeho miesto v procese spoločenských zmien. Vybudovanie pružne reagujúcich vzdelávacích systémov ako predpoklad ďalšieho napredovania. Ciele Európskej únie vo vzdelávacej politike. 
610 2 0 |a vzdelávanie 
610 2 0 |a vzdelávanie celoživotné 
610 2 0 |a globalizácia 
610 2 0 |a Európska únia 
610 2 0 |a politika 
100 1 |a Goga, Milan